Reflexiones incómodas sobre la celebración litúrgica.
Saved in:
| Hovedforfatter: | |
|---|---|
| Format: | Ukendt |
| Sprog: | engelsk |
| Udgivet: |
Madrid, España:
PPC Editorial,
2014.
|
| Fag: | |
| Tags: |
Tilføj Tag
Ingen Tags, Vær først til at tagge denne postø!
|
MARC
| LEADER | 00000 a2200000 4500 | ||
|---|---|---|---|
| 003 | CL-VaPUC | ||
| 005 | 20230119174000.0 | ||
| 008 | 210105b ||||| |||| 00| 0 eng d | ||
| 999 | |c 432154 |d 432152 | ||
| 020 | |a 9788428827492 | ||
| 040 | |c Pontificia Universidad Católica de Valparaíso | ||
| 082 | 1 | 4 | |2 21 |a 264 BER 2014 |
| 100 | |a Bernal Llorente, José Manuel |9 857751 | ||
| 245 | |a Reflexiones incómodas sobre la celebración litúrgica. | ||
| 260 | 0 | 3 | |a Madrid, España: |b PPC Editorial, |c 2014. |
| 300 | |a 183 páginas . | ||
| 583 | |k Cristina Rojas |c 20210105 | ||
| 650 | 0 | |a Liturgia |9 859365 |x Ceremonias religiosas | |
| 650 | 0 | 0 | |a Ritos |9 337654 |x Filosofía de la religión |
| 942 | |2 ddc |c BK | ||
| 952 | |0 0 |1 0 |2 ddc |4 0 |6 264_000000000000000_BER_2014 |7 0 |8 A |9 577393 |a BIBTEO |b BIBTEO |d 2020-12-30 |e 3 |g 22447.00 |i 5581508 |o 264 BER 2014 |p 5581508 |r 2025-01-17 |t 1 |v 22447.00 |w 2020-12-30 |y BK |k ICR | ||